000 00567nam a2200193 a 4500
005 20140310183343.0
008 070115s19uu xx 00 eng d
020 _a9780764159909
050 _aNC 730
_b.L723 2006
245 _aLight and shadow in drawing /
260 _aUnited States :
_bBarron's Educational Series Inc,
_c2006.
300 _a95 p. :
_bcol. ill. ;
_c24 cm.
521 _aMA
650 _aDrawing
_xTechnique.
650 _aShades and shadows in art
_xTechnique.
650 _aLight in art
_xTechnique.
942 _cBK
_2lcc
_kFOR
999 _c21858
_d21858